|
|
|
|
| LEADER |
00000nam a2200000 a 4500 |
| 001 |
vtls001317806 |
| 003 |
SK-MaSNL |
| 005 |
20260301005325.0 |
| 008 |
251124s1943 HU 0 hun |
| 020 |
|
|
|c 20,00
|
| 035 |
|
|
|a SNK000270333
|
| 040 |
|
|
|a SNK
|b slo
|c SNK
|e AACR2
|
| 044 |
|
|
|a HU
|
| 080 |
|
|
|a 253:284.1
|2 1981
|
| 100 |
1 |
|
|a Koren, Emil
|4 aut
|9 289465
|
| 245 |
1 |
|
|a A szórványhivő élete és szolgálata
|b rővid utmutatás szórványban élő evangélikusok részére
|c írta Koren Emil
|
| 260 |
|
|
|a [Győr]
|b Harangszó
|c 1943
|e Győr
|f Uzsaly és Koncz
|
| 300 |
|
|
|a 31 s.
|c 17 cm
|
| 610 |
0 |
7 |
|a Evanjelická cirkev a. v.
|x život duchovný
|x brožúry
|2 SNK
|9 289466
|
| 611 |
1 |
7 |
|a Evanjelická cirkev a. v.
|x život duchovný
|x brožúry
|2 SNK
|9 289467
|
| 999 |
|
|
|c 544827
|d 546757
|
| 952 |
|
|
|t P60, <03>, [BOOK], {603}
|a SNK
|b SNK
|y PREZ
|7 0
|p 17A0116690
|o snkSD 69208
|i snkK 147/98
|g 0.66
|0 0
|1 0
|4 0
|d 1998-01-26
|l 0
|r 2005-01-02 00:00:00
|w 2026-02-23
|